00917nam a2200265 a 450000100060000000300080000600500170001400800390003103500190007004000300008904100080011908200220012710000500014924501110019926000540031030000210036450000260038550000930041150400260050460000330053065000120056365000100057570000320058583000340061732028BD-RjUL20211209051759.0140423r19541941enk b 000 0 eng a(BD-RjUL)32117 aDLCcGUdGUdBD-RjULbeng aeng a297.125bALS 19541 aAl-Suhrawardy, Abdullah Al-Mamun.d1882-1935.14aThe sayings of Muhammad /cby Allama Sir Abdullah Al-Mamun Al-Suhrawardy; with foreword by Mahatma Gandhi. aLondon :bJ. Murray,c1941 [Reprinted 1949,1954]. a128 p. ;c18 cm. a"First edition 1941." aA reprint of the 1905 edition with revisions by the editor, Hassan Suhrawardy. Cf. Pref. aBibliography: p. 122.00aMuḥammad.cProphet,d-632. 0aHadith. 0aIslam aGandhi, Mahatma, foreworder aThe wisdom of the East series